<?xml version="1.0" encoding="UTF-8"?>
<record
    xmlns:xsi="http://www.w3.org/2001/XMLSchema-instance"
    xsi:schemaLocation="http://www.loc.gov/MARC21/slim http://www.loc.gov/standards/marcxml/schema/MARC21slim.xsd"
    xmlns="http://www.loc.gov/MARC21/slim">

  <leader>01045cam0a220026500 4500</leader>
  <controlfield tag="001">lce00326072</controlfield>
  <controlfield tag="005">20190830120609.0</controlfield>
  <controlfield tag="008">771207s1976    rh           f000 0 eng  </controlfield>
  <datafield tag="010" ind1=" " ind2=" ">
    <subfield code="a">   77372677 //r912</subfield>
  </datafield>
  <datafield tag="035" ind1=" " ind2=" ">
    <subfield code="a">(Sirsi) r72556</subfield>
  </datafield>
  <datafield tag="035" ind1=" " ind2=" ">
    <subfield code="a">(DLC)   77372677 //r912</subfield>
  </datafield>
  <datafield tag="035" ind1=" " ind2=" ">
    <subfield code="a">(UPRA)lce00326072</subfield>
  </datafield>
  <datafield tag="040" ind1=" " ind2=" ">
    <subfield code="a">DLC</subfield>
    <subfield code="c">DLC</subfield>
    <subfield code="d">DLC</subfield>
    <subfield code="d">UPRA</subfield>
  </datafield>
  <datafield tag="043" ind1=" " ind2=" ">
    <subfield code="a">f-rh---</subfield>
  </datafield>
  <datafield tag="050" ind1="0" ind2="0">
    <subfield code="a">JQ2921.A2</subfield>
    <subfield code="b">A3 no. 2, 1976</subfield>
  </datafield>
  <datafield tag="082" ind1="0" ind2="0">
    <subfield code="a">328.689/1/008 s</subfield>
    <subfield code="a">344/.6891/041</subfield>
  </datafield>
  <datafield tag="110" ind1="1" ind2=" ">
    <subfield code="b">Commission of Inquiry into Termination of Pregnancy.</subfield>
    <subfield code="6">A33608.1</subfield>
  </datafield>
  <datafield tag="245" ind1="1" ind2="0">
    <subfield code="a">Report of the Commission of Inquiry into Termination of Pregnancy :</subfield>
    <subfield code="b">presented to the President on the 19th February, 1976.</subfield>
  </datafield>
  <datafield tag="260" ind1=" " ind2=" ">
    <subfield code="a">[Salisbury] :</subfield>
    <subfield code="b">The Commission,</subfield>
    <subfield code="c">1976.</subfield>
  </datafield>
  <datafield tag="440" ind1=" " ind2="0">
    <subfield code="a">Cmd. R.R. ;</subfield>
    <subfield code="v">1976, 2</subfield>
    <subfield code="6">S2660.1</subfield>
  </datafield>
  <datafield tag="500" ind1=" " ind2=" ">
    <subfield code="a">W.A. Pittman, Chairman.</subfield>
  </datafield>
  <datafield tag="650" ind1=" " ind2="0">
    <subfield code="a">Abortion -- Law and legislation -- Zimbabwe.</subfield>
    <subfield code="x">Abortion -- Law and legislation -- Zimbabwe.</subfield>
    <subfield code="z">Abortion -- Law and legislation -- Zimbabwe.</subfield>
    <subfield code="6">S25439.1</subfield>
  </datafield>
  <datafield tag="949" ind1=" " ind2=" ">
    <subfield code="a">JQ2921.A2</subfield>
    <subfield code="w">lcc</subfield>
    <subfield code="m">MAIN</subfield>
    <subfield code="t">BOOK</subfield>
    <subfield code="l">ON-SHELF</subfield>
  </datafield>
  <controlfield tag="004">72556</controlfield>
  <datafield tag="999" ind1=" " ind2=" ">
    <subfield code="c">196014</subfield>
    <subfield code="d">196014</subfield>
  </datafield>
</record>
